| 000 | 00865nam a22002057a 4500 | ||
|---|---|---|---|
| 999 |
_c8002 _d8002 |
||
| 003 | AR-CdUCM | ||
| 008 | 190322b ||||| |||| 00| 0 spa d | ||
| 020 | _a84-234-0333-5 | ||
| 040 |
_aMUNICIPALIDAD PROVINCIAL DEL CUSCO _cBIBLIOTECA MUNICIPAL DEL CUSCO |
||
| 082 |
_a658.401 / _bC97 |
||
| 100 |
_aAsociacion Española de Directores de Escuela de Mandos Intermedios _922602 |
||
| 245 | _aCurso de control de gestion / | ||
| 260 |
_aBilbao : _bDeusto, _c1981. |
||
| 300 |
_a224 páginas ; _bgráficos ; _c27 cm. |
||
| 505 | _aContedino : Introducción al control de gestión -- El balance -- Estudio de balance y de la cuenta de resultados -- Estudio del punto muerto o humbral de rentabilidad -- Previsiones para la creación de una empresa ... | ||
| 650 |
_aContraloría de empresas _922603 |
||
| 650 |
_aGestión _922604 |
||
| 942 |
_2ddc _cLIBROS |
||
| 945 | _azta | ||